Ideal sequence design in time-frequency space :applications to radar, sonar, and communication systems(E-BOOK) (Record no. 193204)

000 -LEADER
fixed length control field 00989 a2200301 4500
003 - CONTROL NUMBER IDENTIFIER
control field Nust
005 - DATE AND TIME OF LATEST TRANSACTION
control field 20170207154053.0
010 ## - LIBRARY OF CONGRESS CONTROL NUMBER
LC control number 2008932706
020 ## - INTERNATIONAL STANDARD BOOK NUMBER
International Standard Book Number 0817647376 (hbk.)
020 ## - INTERNATIONAL STANDARD BOOK NUMBER
International Standard Book Number 9780817647377 (hbk.)
035 ## - SYSTEM CONTROL NUMBER
System control number (OCoLC)ocn191760034
040 ## - CATALOGING SOURCE
Transcribing agency Nust
082 04 - DEWEY DECIMAL CLASSIFICATION NUMBER
Classification number 621.38223
100 1# - MAIN ENTRY--PERSONAL NAME
Personal name An, Myoung.
245 10 - TITLE STATEMENT
Title Ideal sequence design in time-frequency space :applications to radar, sonar, and communication systems(E-BOOK)
Statement of responsibility, etc. by Myoung An, Andrzej K. Brodzik, Richard Tolimieri.
260 ## - PUBLICATION, DISTRIBUTION, ETC.
Place of publication, distribution, etc. Boston, Mass. :
Name of publisher, distributor, etc. Birkh�auser,
Date of publication, distribution, etc. c2009.
300 ## - PHYSICAL DESCRIPTION
Extent xii, 218 p. :
Other physical details ill. ;
Dimensions 24 cm.
490 0# - SERIES STATEMENT
Series statement Applied and numerical harmonic analysis
650 #0 - SUBJECT ADDED ENTRY--TOPICAL TERM
Topical term or geographic name entry element Fourier transformations.
650 #0 - SUBJECT ADDED ENTRY--TOPICAL TERM
Topical term or geographic name entry element Frequencies of oscillating systems.
650 #0 - SUBJECT ADDED ENTRY--TOPICAL TERM
Topical term or geographic name entry element Radar.
650 #0 - SUBJECT ADDED ENTRY--TOPICAL TERM
Topical term or geographic name entry element Sequency theory.
650 #0 - SUBJECT ADDED ENTRY--TOPICAL TERM
Topical term or geographic name entry element Sonar.
650 #0 - SUBJECT ADDED ENTRY--TOPICAL TERM
Topical term or geographic name entry element Telecommunication systems
General subdivision Design and construction.
651 ## - SUBJECT ADDED ENTRY--GEOGRAPHIC NAME
Geographic name E-BOOK
700 1# - ADDED ENTRY--PERSONAL NAME
Personal name Brodzik, Andrzej K.
700 1# - ADDED ENTRY--PERSONAL NAME
Personal name Tolimieri, Richard,
Dates associated with a name 1940-
942 ## - ADDED ENTRY ELEMENTS (KOHA)
Source of classification or shelving scheme
Koha item type Book
Holdings
Withdrawn status Lost status Source of classification or shelving scheme Damaged status Not for loan Collection code Permanent Location Current Location Date acquired Total Checkouts Full call number Barcode Date last seen Price effective from Koha item type
            Military College of Signals (MCS) Military College of Signals (MCS) 12/12/2016   621.38223 MYO MCSEB-2947 12/08/2016 12/12/2016 Book
© 2023 Central Library, National University of Sciences and Technology. All Rights Reserved.